000 01071cam a2200277 4500
008 090401t2004 xxu||||| |||| 00| 0 eng d
020 _a97801175392793
035 _a(Sirsi) u73512
041 _aeng
050 _a711.1
110 _aUnited Kingdom
_bDepartment of the Environment
_9982
245 _aPlanning Policy Statement: Planning and Pollution Control.
260 _aLondon
_bHMSO
_c2004
490 _aPlanning Policy Statement
_v23
520 _aSupercedes "Planning Policy Guidance Note 23: Planning and Pollution Control" (PPG23) (ISBN 0117529478)
650 _aCONTAMINATED LAND
650 _aPOLLUTION PREVENTION AND CONTROL ACT 1999
650 _aPPC(S)2000
650 _aPPG23
650 _aDIRECTIVE 75/442/EEC
650 _aWASTE MANAGEMENT (ENGLAND AND WALES) REGULATIONS 2006
650 _aWATER RESOURCES ACT 1991
690 _aPLANNING LAW AND PRACTICE
856 4 0 _uhttps://www.communities.gov.uk/documents/planningandbuilding/pdf/planningpolicystatement23.pdf
_zView the item free of charge at www.communities.gov.uk
942 _n0
999 _c95619
_d95619